000 00611cam a2200193u 4500
008 820803s1963 enkak 000 0 eng
010 _a 66071323
040 _aDLC
_cCarP
_dDLC
043 _ae-uk---
050 0 0 _aTA217
_b.A8
110 2 _aAssociation of Consulting Engineers, London.
245 1 0 _aA.C.E. conditions of engagement.
246 1 0 _aConditions of engagement.
260 _aLondon,
_bAssociation of Consulting Engineers,
_c1963.
300 _a54 p.
_billus., (form) tables.
_c22 cm.
650 0 _aConsulting engineers.
650 0 _aEngineering contracts
_zGreat Britain.
942 _2ddc
_cBK
999 _c140433
_d140433